000 01879nam a2200289Ia 4500
999 _c56132
_d56132
001 23233
003 GE_BSU
005 20250915165259.0
008 181216s1964||||ge |||||||||||||| ||geo||
040 _cGE_BSU
041 _ageo
080 _a94(479.22) + 913.1(479.22) ბ-57
100 _aბერძენიშვილი, ნიკოლოზ
_91447
245 _aსაქართველოს ისტორიის საკითხები. წ. 1 :
_bისტორიული გეოგრაფია /
_cნიკოლოზ ბერძენიშვილი ; რედ. : დ. მეგრელაძე ; მხატვ. : გ. ნადირაძე ; საქ. სსრ მეცნ. აკად., ივ. ჯავახიშვილის სახ. ისტორიის ინ-ტი.
264 _aთბილისი :
_bსაქ. მეცნ. აკად. გამ-ბა,
_c1964.
300 _a452 გვ. :
_b6 ფ. ილ. ;
_c22 სმ.
520 _aპარალ. სათ. რუს. ენ.
541 _h4ლ. 14თ.
653 _aსაქართველოს ისტორია
653 _aსაქართველოს ისტორიული გეოგრაფია
653 _aსაქართველოს ისტორიის საკითხები
653 _aწ. 1 : ისტორიული გეოგრაფია
700 _aმეგრელიძე, დ.
_eრედაქტორი
_93786
700 _aნადირაძე, გ.
_eმხატვარი
_925814
710 _aსაქართველოს სსრ მეცნიერებათა აკადემია
_bივ. ჯავახიშვილის სახ. ისტორიის ინსტიტუტი
_918018
942 _cBK
_2udc